[Event "AUTO-ADV-4931"]
[Site "http://www.queenalice.com/game.php?id=1872123"]
[Date "2026.4.17"]
[Round "1"]
[White "game"]
[Black "yasseryack"]
[Result "0-1"]
[WhiteElo "1632"]
[BlackElo "1941"]

1. e4 c5 2. Bc4 Nc6 3. d3 b6 4. Nf3 e6 5. Nc3 a6 6. Bf4 Bb7 7. O-O Be7 8. Qd2 b5
9. Bb3 Nf6 10. Rad1 O-O 11. Ng5 Nd4 12. Ne2 Nxb3 13. cxb3 Nh5 14. h4 h6 15. Ng3
Nxg3 16. fxg3 hxg5 17. Bxg5 Bxg5 18. hxg5 Qc7 19. Rf3 d5 20. exd5 Bxd5 21. Re3
b4 22. Rc1 Qb6 23. Kf1 f6 24. g6 f5 25. Qf2 Rf6 26. Ke2 Rxg6 27. g4 Rxg4 28. Rg1
Qd6 29. Rh3 Qe5+ 30. Kd2 Qxb2+ 31. Ke3 f4+ 32. Qxf4 Rxf4 33. Kxf4 Qd4+ 34. Kg3
Qxg1 0-1

[Event "AUTO-ADV-4931"]
[Site "http://www.queenalice.com/game.php?id=1872124"]
[Date "2026.4.17"]
[Round "1"]
[White "yasseryack"]
[Black "game"]
[Result "1-0"]
[WhiteElo "1937"]
[BlackElo "1642"]

1. d4 d5 2. Nf3 Bf5 3. e3 Nc6 4. Be2 Nf6 5. O-O e6 6. a3 Qd7 7. Nbd2 O-O-O 8. c4
Bd6 9. c5 Be7 10. Ng5 Rhf8 11. Ngf3 Ng4 12. h3 Nh6 13. Nh2 Bf6 14. Bb5 a6 15.
Ba4 b6 16. cxb6 cxb6 17. Bb3 Qd6 18. Qe2 Rd7 19. Qxa6+ Kd8 20. Qxb6+ Ke7 21. Qb5
Ke8 22. Qe2 Ke7 23. Ndf3 Rb8 24. Ba4 Kf8 25. Ra2 Ra8 26. b3 Re8 27. Bd2 Rde7 28.
Rc1 Rc8 29. Qa6 e5 30. Bxc6 Rec7 31. Bb4 Rxc6 32. Bxd6+ Kg8 33. Rxc6 1-0

[Event "AUTO-ADV-4931"]
[Site "http://www.queenalice.com/game.php?id=1872139"]
[Date "2026.4.17"]
[Round "1"]
[White "yasseryack"]
[Black "EdsonEstevam"]
[Result "1-0"]
[WhiteElo "1969"]
[BlackElo "1746"]

1. f4 d5 2. Nf3 Nf6 3. g3 Bg4 4. Bg2 Nc6 5. O-O e6 6. d4 Be7 7. Nc3 O-O 8. a3 h6
9. Qd3 a6 10. Ne1 Re8 11. e4 dxe4 12. Nxe4 Bf5 13. c3 a5 14. Nc2 Bd6 15. Ne3
Nxe4 16. Bxe4 Bh3 17. Rf2 Qd7 18. g4 f5 19. gxf5 Rf8 20. fxe6 Qxe6 21. Bd5 Qxd5
22. Nxd5 Bf5 23. Qg3 Rae8 24. Bd2 Ne7 25. c4 Nxd5 26. cxd5 Re4 27. Raf1 Rf7 28.
Bxa5 Rxd4 29. Bc3 Rxd5 30. b4 c5 31. Rd2 Rxd2 32. Bxd2 b6 33. Re1 Bd7 34. Qg2
Bxf4 35. Bxf4 Rxf4 36. Re7 Rg4 37. Rxd7 Rxg2+ 38. Kxg2 c4 39. b5 c3 40. Rc7 g5
41. Rxc3 Kg7 42. Rc6 1-0

[Event "AUTO-ADV-4931"]
[Site "http://www.queenalice.com/game.php?id=1872140"]
[Date "2026.4.17"]
[Round "1"]
[White "EdsonEstevam"]
[Black "yasseryack"]
[Result "0-1"]
[WhiteElo "1772"]
[BlackElo "1950"]

1. e4 d6 2. d4 c6 3. Nf3 Qc7 4. Nc3 e5 5. Be2 Nf6 6. O-O Be7 7. Bg5 O-O 8. h3 h6
9. Bh4 b5 10. a3 a5 11. d5 Ba6 12. Re1 b4 13. axb4 axb4 14. Na4 Bxe2 15. Qxe2
cxd5 16. exd5 Nxd5 17. Qe4 Qc6 18. b3 f5 19. Qe2 Bxh4 20. Nxh4 Nf4 21. Qd2 Nd7
22. c3 g5 23. f3 gxh4 24. Qf2 Rf7 25. Rad1 Rg7 26. Kh1 Rxg2 27. Qe3 Kh7 28. Rg1
Rag8 29. Rxg2 Nxg2 30. Qf2 Nf6 31. Rg1 bxc3 32. Rxg2 Rxg2 33. Kxg2 c2 34. Qxh4
Nd5 35. Qh5 Nf4+ 0-1

[Event "AUTO-ADV-4931"]
[Site "http://www.queenalice.com/game.php?id=1872141"]
[Date "2026.4.17"]
[Round "1"]
[White "yasseryack"]
[Black "SGF"]
[Result "1-0"]
[WhiteElo "1945"]
[BlackElo "1672"]

1. d4 d5 2. Nf3 f6 3. e3 c6 4. Bd3 Bg4 5. O-O h5 6. h3 Bxf3 7. Qxf3 g5 8. Bg6+
Kd7 9. Bxh5 b5 10. Bd2 Kc7 11. Ba5+ Kd7 12. Bxd8 Kxd8 13. Bf7 Nd7 14. Nc3 a5 15.
Nxd5 cxd5 16. Qxd5 Rb8 17. Be6 Kc7 18. Bxd7 Rd8 19. Qc6+ Kb8 20. Qb6+ Ka8 21.
Qxd8+ Kb7 22. Qxf8 e5 23. Qg7 Rh4 24. Qxg8 exd4 25. e4 Kc7 26. Bxb5 Rxe4 27. a4
Kb6 28. Rae1 Rxe1 29. Rxe1 Kc5 30. Qc4+ Kb6 31. Re6+ Kb7 32. Ba6+ Ka7 33. Qc7+
Ka8 34. Qb7# 1-0

[Event "AUTO-ADV-4931"]
[Site "http://www.queenalice.com/game.php?id=1872142"]
[Date "2026.4.17"]
[Round "1"]
[White "SGF"]
[Black "yasseryack"]
[Result "0-1"]
[WhiteElo "1672"]
[BlackElo "1965"]

1. e4 d6 2. Qf3 c6 3. d3 Qc7 4. Be2 Nf6 5. Qg3 e5 6. Nc3 Be6 7. a4 a5 8. h3 Nbd7
9. h4 O-O-O 10. Bg5 h6 11. Bxf6 Nxf6 12. Nh3 Rg8 13. h5 d5 14. O-O dxe4 15. Nxe4
Bxh3 16. Qxh3+ Kb8 17. Nxf6 gxf6 18. Qf5 Be7 19. c4 c5 20. g3 Rg7 21. b3 Rdg8
22. g4 Qd6 23. Bf3 Qd4 24. Rac1 Qf4 25. Qxf4 exf4 26. Rfe1 Bd8 27. Re4 Bc7 28.
Rce1 Be5 29. R1e2 Rg5 30. Kh2 Rd8 31. Rd2 Rgg8 32. Kh3 Rd7 33. Kh4 Rgd8 34. Be2
Rd4 35. Rxd4 Bxd4 36. f3 Re8 37. Rc2 Kc7 38. Kh3 Re6 39. Kg2 Rb6 40. Rc1 Rxb3
41. Kf1 Ra3 42. Rb1 Rxa4 43. Rb5 Ra1+ 44. Kg2 b6 45. Kh3 Ra2 46. Bf1 Rb2 47.
Rxb2 Bxb2 48. Kg2 a4 49. Be2 a3 50. Bd1 a2 51. Ba4 a1=Q 52. Be8 Bd4 53. Bxf7
Qg1+ 54. Kh3 Qg3# 0-1

[Event "AUTO-OPEN-4649"]
[Site "http://www.queenalice.com/game.php?id=1872452"]
[Date "2026.4.25"]
[Round "1"]
[White "Tonto"]
[Black "yasseryack"]
[Result "0-1"]
[WhiteElo "1997"]
[BlackElo "1966"]

1. e4 d6 2. d4 c6 3. Nf3 Qc7 4. Be2 Nf6 5. Nc3 e5 6. d5 Be7 7. Be3 O-O 8. dxc6
bxc6 9. O-O Bb7 10. Bc4 h6 11. Nh4 Kh7 12. Qc1 Ng8 13. Nf5 Bf6 14. Rd1 d5 15.
exd5 cxd5 16. Bxd5 Bxd5 17. Nxd5 Qc6 18. Nxf6+ Qxf6 19. Ng3 Nc6 20. c3 Qg6 21.
Bc5 Rfd8 22. Qe3 Rxd1+ 23. Rxd1 Qc2 24. Rf1 Rd8 25. Qe4+ Qxe4 26. Nxe4 a5 27. a4
f5 28. Nd6 Nf6 29. Nxf5 Rd5 30. b4 axb4 31. cxb4 Nd7 32. Ne3 Rd3 33. Bd6 Rxd6
34. b5 Na5 35. Nf5 Re6 36. Rd1 Kg6 37. g4 Nc5 38. h4 Nab3 39. h5+ Kf6 40. Ne3
Nd4 41. Nd5+ Kg5 42. f4+ Kxg4 43. fxe5 Nf3+ 44. Kh1 Rxe5 45. a5 Rxh5+ 46. Kg2
Rh2+ 47. Kf1 Ne4 48. Ne3+ Kh3 49. Nf5 Rf2# 0-1

[Event "AUTO-OPEN-4649"]
[Site "http://www.queenalice.com/game.php?id=1872453"]
[Date "2026.4.25"]
[Round "1"]
[White "yasseryack"]
[Black "Tonto"]
[Result "0-1"]
[WhiteElo "1980"]
[BlackElo "2037"]

1. f4 Nc6 2. Nf3 b6 3. g3 Bb7 4. Bg2 d5 5. d4 e6 6. O-O Nf6 7. Nc3 Ba6 8. a3 Bd6
9. Re1 O-O 10. Rb1 Na5 11. b3 Rc8 12. e4 dxe4 13. Nxe4 Nxe4 14. Rxe4 c5 15. Bd2
cxd4 16. Bxa5 bxa5 17. Rxd4 Bc5 18. b4 Bxd4+ 19. Nxd4 Qb6 20. Kh1 Bb7 21. bxa5
Bxg2+ 22. Kxg2 Qxa5 23. Rb3 Rfd8 24. Qd3 Qd5+ 25. Nf3 Qc6 26. Qe2 Qxc2 27. Qxc2
Rxc2+ 28. Kh3 h6 29. Kg4 Rd5 30. h3 g6 31. Rb4 Rh5 32. h4 Rc3 33. a4 f5+ 34. Kh3
Rxf3 35. Rb8+ Kg7 36. Rb7+ Kf6 37. Rxa7 g5 38. Kg2 Ra3 39. Kh3 Ra2 40. fxg5+
hxg5 41. a5 g4# 0-1

[Event "AUTO-OPEN-4649"]
[Site "http://www.queenalice.com/game.php?id=1872478"]
[Date "2026.4.25"]
[Round "1"]
[White "JoseMessias"]
[Black "yasseryack"]
[Result "0-1"]
[WhiteElo "1510"]
[BlackElo "1959"]

1. g3 d6 2. Bg2 c6 3. d4 Qc7 4. d5 Nf6 5. dxc6 bxc6 6. Qd3 e5 7. Qc3 Bb7 8. f4
e4 9. Qe3 d5 10. Nf3 Be7 11. Ng5 O-O 12. Nc3 Na6 13. O-O Bc5 14. Kh1 Bxe3 15.
Bxe3 Nb4 16. Rfc1 a6 17. Bc5 Nxc2 18. Rxc2 Rfd8 19. Rf1 d4 20. Ncxe4 Nxe4 21.
Bxe4 g6 22. f5 h6 23. Nf3 Re8 24. Bd3 Qd7 25. fxg6 f6 26. Nxd4 Qd5+ 27. Kg1 Bc8
28. Rf5 Bxf5 29. Bc4 Bxc2 30. Bxd5+ cxd5 31. Nxc2 Rxe2 32. Nd4 Rxb2 33. a4 Kg7
34. Ba3 Ra2 35. Be7 Rb8 36. Ne6+ Kxg6 37. Nf4+ Kf7 38. Nxd5 Rb1# 0-1

[Event "AUTO-OPEN-4649"]
[Site "http://www.queenalice.com/game.php?id=1872479"]
[Date "2026.4.25"]
[Round "1"]
[White "yasseryack"]
[Black "JoseMessias"]
[Result "1-0"]
[WhiteElo "1976"]
[BlackElo "1518"]

1. d4 d5 2. Nf3 e6 3. e3 c5 4. c3 c4 5. Be2 b5 6. O-O b4 7. b3 bxc3 8. Nxc3 cxb3
9. Qxb3 a6 10. e4 Nf6 11. Bg5 Qd7 12. Bxf6 gxf6 13. Rfc1 dxe4 14. Nxe4 Bg7 15.
Nc5 Qd5 16. Qe3 O-O 17. Nh4 f5 18. Rd1 Kh8 19. Bf3 Bxd4 20. Qxd4+ Qxd4 21. Rxd4
Ra7 22. Rad1 Rc7 23. Nb3 e5 24. Rd8 Rxd8 25. Rxd8+ Kg7 26. g3 e4 27. Bg2 Nc6 28.
Rd6 Nb4 29. Rd2 Be6 30. Bf1 Bxb3 31. axb3 Rc3 32. Nxf5+ Kf6 33. g4 Rxb3 34. Rd4
Ke5 35. Rd1 h5 36. h3 Rxh3 37. Bxh3 hxg4 38. Bxg4 Kf4 39. Ne3 a5 40. Bd7 f6 41.
Ra1 Nd3 42. Rxa5 Kf3 43. Rf5+ Ke2 44. Ng4 Ne1 45. Rxf6 Nf3+ 46. Kh1 Ng5 47. Ra6
Nh3 48. Ra2+ Kf3 49. Ra3+ Kf4 50. Rxh3 Kg5 51. Re3 Kf4 52. Kg2 Kg5 53. Kg3 1-0

[Event "AUTO-OPEN-4649"]
[Site "http://www.queenalice.com/game.php?id=1872496"]
[Date "2026.4.25"]
[Round "1"]
[White "yasseryack"]
[Black "MarcosT"]
[Result "1-0"]
[WhiteElo "1992"]
[BlackElo "2093"]

1. e4 e5 2. Nf3 Nf6 3. d3 Bc5 4. Be2 Ng4 5. d4 exd4 6. Nxd4 Nxf2 7. Kxf2 Qf6+ 8.
Bf3 Bxd4+ 9. Ke1 O-O 10. c3 Be5 11. Qe2 d6 12. Be3 Be6 13. Nd2 c6 14. a3 b5 15.
g3 d5 16. Nb3 Bxc3+ 17. Kd1 Bxb2 18. Rb1 Bxa3 19. Rf1 dxe4 20. Bxe4 Rd8+ 21. Kc2
Bxb3+ 22. Rxb3 Qe7 23. Bd2 Qc5+ 24. Kb1 b4 25. Be3 Qa5 26. Qc4 Qc7 27. Bf4 Qb7
28. Rbf3 Qa6 29. Qc2 g6 30. Bh6 Qb5 31. Rxf7 Nd7 32. Bxc6 Qh5 33. Rg7+ Kh8 34.
Bxa8 Qxh6 35. Rxd7 Rxa8 36. Rff7 1-0

[Event "AUTO-OPEN-4649"]
[Site "http://www.queenalice.com/game.php?id=1872497"]
[Date "2026.4.25"]
[Round "1"]
[White "MarcosT"]
[Black "yasseryack"]
[Result "0-1"]
[WhiteElo "2059"]
[BlackElo "1963"]

1. e4 d6 2. Nf3 c6 3. d4 Qc7 4. Bd3 e5 5. c3 Nf6 6. O-O Be7 7. Bg5 O-O 8. h3 b5
9. b4 Bb7 10. a4 bxa4 11. Qxa4 Nbd7 12. Nbd2 a5 13. b5 Nb6 14. Qc2 cxb5 15. d5
Qd7 16. Rfb1 b4 17. cxb4 Rfc8 18. Qb2 a4 19. Be3 Bd8 20. Rc1 Rxc1+ 21. Qxc1 Rc8
22. Qb2 Ra8 23. Ne1 h6 24. f4 exf4 25. Bxf4 Nh5 26. Be3 Bf6 27. Bd4 Bxd4+ 28.
Qxd4 Qd8 29. Nef3 Nd7 30. Nc4 Nc5 31. bxc5 dxc5 32. Qxc5 Nf4 33. Bf1 Qf6 34. Rb1
Ba6 35. e5 Qg6 36. Nh4 Qxb1 37. Qf2 Nd3 38. Qf3 Bxc4 39. d6 Rd8 40. Kh2 Nxe5 41.
Qf4 Bxf1 42. Qxe5 Qb4 43. Nf5 f6 44. Qe7 Qf4+ 45. Kg1 Qxf5 46. Qxd8+ Kh7 47. Qc7
Bb5 48. h4 a3 0-1

[Event "Challenge"]
[Site "http://www.queenalice.com/game.php?id=1872743"]
[Date "2026.5.1"]
[Round "-"]
[White "jogo"]
[Black "yasseryack"]
[Result "0-1"]
[WhiteElo "1401"]
[BlackElo "1990"]

1. e4 d6 2. d4 c6 3. c4 Nf6 4. Nc3 Qc7 5. f4 e6 6. Nf3 Be7 7. Bd3 O-O 8. h3 a6
9. Be3 Nbd7 10. f5 e5 11. dxe5 dxe5 12. g4 b6 0-1

[Event "AUTO-OPEN-4651"]
[Site "http://www.queenalice.com/game.php?id=1873081"]
[Date "2026.5.8"]
[Round "1"]
[White "yasseryack"]
[Black "josebaron"]
[Result "1/2-1/2"]
[WhiteElo "1988"]
[BlackElo "2195"]

1. e4 e5 2. Nf3 Nc6 3. d4 exd4 4. Nxd4 d6 5. Bc4 Nf6 6. Bg5 Be7 7. Nxc6 bxc6 8.
O-O O-O 9. Nc3 h6 10. Bh4 Ng4 11. Bg3 Ne5 12. Bxe5 dxe5 13. Qe2 a5 14. Rad1 Bd6
15. Na4 Qe8 16. Rd3 Be6 17. Bxe6 Qxe6 18. b3 f5 19. Rc3 f4 20. Rxc6 Qg6 21. Nc5
f3 22. Qc4+ Kh8 23. g3 Qg4 24. Qe6 Qh5 1/2-1/2

[Event "AUTO-OPEN-4651"]
[Site "http://www.queenalice.com/game.php?id=1873082"]
[Date "2026.5.8"]
[Round "1"]
[White "josebaron"]
[Black "yasseryack"]
[Result "1-0"]
[WhiteElo "2168"]
[BlackElo "1995"]

1. e4 d6 2. Nf3 c6 3. d4 Qc7 4. Be2 Nf6 5. e5 dxe5 6. dxe5 Ng4 7. Bf4 Qb6 8. Qd4
Qa5+ 9. Bd2 Qc7 10. Bf4 c5 11. Qd2 Qb6 12. h3 Qxb2 13. Qc3 Qc1+ 14. Bxc1 Nh6 15.
Bxh6 gxh6 16. Qxc5 Bd7 17. Bb5 Nc6 18. Bxc6 Bxc6 19. O-O e6 20. Qe3 b6 21. a4
Bg7 22. Nc3 O-O 23. Nb5 Bxf3 24. Qxf3 Bxe5 25. c3 Kh8 26. Qh5 Bf4 27. g3 Bg5 28.
h4 Bf6 29. Qxh6 Bg7 30. Qe3 a5 31. Qxb6 Rg8 32. Qb7 Rgf8 33. Nd6 Rab8 34. Qd7
Kg8 35. Ne4 e5 36. Rab1 Rbd8 37. Qb5 f5 38. Ng5 Rfe8 39. Qc4+ Kf8 40. Qf7# 1-0

[Event "AUTO-MASTER-3305"]
[Site "http://www.queenalice.com/game.php?id=1873180"]
[Date "2026.5.8"]
[Round "1"]
[White "chessman"]
[Black "yasseryack"]
[Result "1-0"]
[WhiteElo "2146"]
[BlackElo "2005"]

1. e4 d6 2. d4 c6 3. Bd3 Qc7 4. Nf3 Nf6 5. O-O e5 6. dxe5 dxe5 7. Re1 Be7 8. Nc3
O-O 9. Bg5 Be6 10. Nxe5 Qxe5 11. f4 Qd4+ 12. Kh1 Bg4 13. Qc1 Nbd7 14. h3 Bh5 15.
g4 Bg6 16. e5 Bxd3 17. exf6 Bc5 18. fxg7 Kxg7 19. cxd3 Qxd3 20. Kg2 Nb6 21. Ne4
Bb4 22. Bf6+ Kg8 23. f5 Bxe1 24. Qg5# 1-0

[Event "AUTO-OPEN-4652"]
[Site "http://www.queenalice.com/game.php?id=1873449"]
[Date "2026.5.15"]
[Round "1"]
[White "Capixabba789"]
[Black "yasseryack"]
[Result "0-1"]
[WhiteElo "1827"]
[BlackElo "1996"]

1. d4 d6 2. e4 c6 3. f4 Qc7 4. Nf3 Nf6 5. Bd3 Nbd7 6. O-O e5 7. f5 Be7 8. c3 O-O
9. Be3 b5 10. Nbd2 Nb6 11. dxe5 dxe5 12. Ng5 Qd7 13. Ndf3 Ng4 14. Bd2 Bc5+ 15.
Kh1 Qxd3 16. Qe1 f6 17. Nxh7 Rd8 18. Rd1 Qc4 19. b3 Qf7 20. Qh4 Ne3 21. Bxe3
Rxd1 22. Rxd1 Be7 23. Qh3 g6 24. Nh4 Qxh7 25. Qg3 Qh5 26. Rf1 g5 27. Ng6 Bd6 28.
h4 Ba6 29. Kg1 b4 30. c4 Rd8 31. hxg5 Kf7 32. gxf6 Nd7 33. Qe1 Nxf6 34. Qa1 Ng4
35. Re1 Qh2+ 36. Kf1 Nxe3+ 0-1

[Event "AUTO-OPEN-4652"]
[Site "http://www.queenalice.com/game.php?id=1873450"]
[Date "2026.5.15"]
[Round "1"]
[White "yasseryack"]
[Black "Capixabba789"]
[Result "0-1"]
[WhiteElo "1986"]
[BlackElo "1799"]

1. e4 e5 2. Nf3 d6 3. Bc4 Be7 4. O-O Nf6 5. d3 c5 6. Bb5+ Kf8 7. Bc4 h6 8. Qe1
Bd7 9. Kh1 Nc6 10. Bd2 Nd4 11. Nxd4 cxd4 12. f4 a6 13. fxe5 dxe5 14. c3 b5 15.
Bd5 Nxd5 16. exd5 Bf6 17. c4 bxc4 18. dxc4 Rb8 19. b3 Bg4 20. Bb4+ Kg8 21. a3
Bh5 22. Nd2 Bg6 23. d6 Rxb4 24. axb4 Qxd6 25. c5 Qc6 26. Qe2 e4 27. Rxa6 Qd5 28.
Rd6 Qe5 29. Rfxf6 gxf6 30. Nc4 d3 31. Qa2 Qc3 32. h3 Qc1+ 33. Kh2 Qf4+ 34. g3
Qf3 35. Qb2 Qe2+ 36. Qxe2 dxe2 37. Rxf6 e1=Q 38. h4 h5 39. Ne5 Qd2+ 40. Kh3 Kg7
41. Rf4 Qxb4 42. c6 Qe1 43. Kg2 Qc3 44. Nxg6 Kxg6 45. Rxe4 Qxc6 46. Kf3 Re8 0-1

[Event "AUTO-OPEN-4652"]
[Site "http://www.queenalice.com/game.php?id=1873464"]
[Date "2026.5.15"]
[Round "1"]
[White "yasseryack"]
[Black "maurice916"]
[Result "1-0"]
[WhiteElo "1983"]
[BlackElo "1878"]

1. e4 c6 2. Nf3 d5 3. e5 Bg4 4. d4 e6 5. Bd3 c5 6. c3 Nc6 7. dxc5 Bxc5 8. O-O
Nge7 9. Be2 O-O 10. b4 Bb6 11. a4 Bc7 12. Qc2 a6 13. Ng5 Bf5 14. Bd3 h6 15. Nf3
Bxd3 16. Qxd3 Ng6 17. Re1 Qb8 18. Qe3 Ncxe5 19. Nxe5 Bxe5 20. g3 Bf6 21. Ra3 Qc7
22. Nd2 Rac8 23. Bb2 Ne7 24. Nf3 Nf5 25. Qd3 Nd6 26. Nd2 Nc4 27. Nxc4 Qxc4 28.
Qe3 Be7 29. Rd1 a5 30. Rd4 Qc7 31. Rg4 Kh8 32. c4 Bxb4 33. Bxg7+ Kh7 34. Qxh6+
1-0